000 01298nam a2200349 i 4500
005 20211215154300.0
008 211215t2020 cc a j ||0 1 chi d
020 _a9787559644633
_cRM 74.80
_qpaperback
040 _aPPAK
_beng
_cPPAK
_erda
041 _achi
_hjpn
082 0 4 _223
_a741.5
090 0 0 _a741.5
_bMIY
_dK
100 1 _6880-01
_aMiyazaki ,Hayao
_d1941-
_eauthor.
240 _aTonari no Totoro.
_lChinese
245 1 0 _6880-02
_aLong Mao =
_bTonari no Totoro /
_cby Hayao Miyazaki; Translated by Zhao Yujiao
246 3 3 _iTranslation of :
_aMy Neighbor Totoro
264 1 _aBeijing:
_bBeijing United Publishing Company,
_c2020
300 _a109 pages :
_bcolour illustrations ;
_c26 x 21 cm.
336 _2rdacontent
_atext
_astill images
337 _2rdamedia
_aunmediated
338 _2rdacarrier
_avolume
546 _aIn simplified Chinese scripts.
650 1 0 _aAnimals, Mythical
_vComic books, strips, etc.
650 2 0 _aNeighbors
_vComic books, strips, etc.
650 2 0 _aChildren
_vComic books, strips, etc.
650 2 0 _aJapanese, Comic books, strips, etc
_xTranslation into Chinese.
700 1 _6880-03
_aZhao, Yujiao
_etranslator.
880 1 _6100-01
_a(日)宫崎骏原作
880 1 0 _6245-02
_a龙猫
880 1 _6700-03
_a赵玉皎
_e
942 _2ddc
_cB
999 _c186532
_d186532